1030 1734 1464 1246 1674 1020 1796 1647 1108 1114 1407 1172 1567 1958 1494 1665 1576 1534 1223 1068 1323 1152 1071 1611 1261 1620 1865 1299 1206 1246 1920 1225 1308 1534 1540 1428 1692 1983 1379 1944 1318 1308 1355 1616 1864 1263 1773 1278 1248 1613 1415 1651 1621 1871 1226 1641 1377 1728 1557 1295 1205 1203 1046 1059 1294 1082 1713 1818 1367 1335 1502 1138 1926 1612 1210 1902 1464 1394 1587 1805 1126 1591 1621 1173 1096 1582 1484 1478 1588 1892 1997 1214 1899 1972 1062 1366 1663 1027 1364 BCNSPRNW ULIB Ver.6.0+V

เปลี่ยนเป็นภาษาไทย

Change to English
 แสดงรายละเอียดบรรณานุกรม
  กลับหน้าหลัก

Brief Record : Get Marc (ISO 2709) : E-mail record : QR code < ปิดหน้าต่าง
LEADER : 00000nam 2200000uu 4500
001    13399112825
003     ULIB
008    110912s2544||||th 000 0 tha d
020    9748391221
050  4 LB2324^bอ825ก ล.20 2544
100 0  อุทุมพร (ทองอุไทย) จามรมาน
245 10 100 คำถาม-คำตอบ :^bเกี่ยวกับการประกันคุณภาพการศึกษาของสถานศึกษาระดับพื้นฐานและอุดมศึกษา /^c โดย อุทุมพร (ทองอุไทย) จามรมาน
246 30 หนึ่งร้อยคำถาม คำตอบเกี่ยวกับการประกันคุณภาพการศึกษาของสถานศึกษาระดับพื้นฐานและอุดมศึกษา
260    กรุงเทพฯ :^bโรงพิมพ์ฟันนี่,^c2544
300    [5], 34 หน้า ;^c21 ซม.
650  4 การศึกษาขั้นอุดมศึกษา
650  4 การศึกษาขั้นอุดมศึกษา^xมาตรฐาน^zไทย
650  4 ประกันคุณภาพ^xมาตรฐาน
650  4 ประกันคุณภาพการศึกษาระดับอุดมศึกษา
945    ^p30^l0^i019101
995    ทศพร
999 ^a ทศพร
รายการนี้ยังไม่มีแท็ก
คุณยังไม่ได้ล็อกอิน คุณสามารถมีกิจกรรมร่วมกับเว็บไซต์ได้ แต่ต้องล็อกอินก่อน ::
  ล็อกอิน

รายการสื่อสารสนเทศ

ลำดับที่ ประเภท เลขเรียก/บาร์โค้ด สถานที่ สถานะ
- ไม่พบข้อมูล -

รายการใกล้เคียง
    ผู้แต่ง [อุทุมพร (ทองอุไทย) จามรมาน]

    หัวเรื่อง [การศึกษาขั้นอุดมศึกษา]
    หัวเรื่อง [ประกันคุณภาพการศึกษาระดับอุดมศึกษา]

BibComment


ยังไม่เคยถูกคอมเมนท์

คอมเมนท์ทรัพยากรรายการนี้
  คอมเมนท์: 100 คำถามคำตอบ เ..


 Copyright 2026. Bcnsprnw @Library